| 000 | 00675nam a2200229Ia 4500 | ||
|---|---|---|---|
| 003 | OSt | ||
| 005 | 20241018092533.0 | ||
| 008 | 210716s2013 xx 000 0 und d | ||
| 020 | _a9789350621714 | ||
| 040 | _cAIMIT LIBRARY | ||
| 041 | _aeng | ||
| 082 |
_a511.2 _21 _bBHAR |
||
| 100 |
_aBhardwaj, R S. _9182590 |
||
| 245 |
_aMathematics and statistics for business / _cBy R S Bhardwaj. |
||
| 250 | _a1st ed. | ||
| 260 |
_aNew Delhi : _bExcel Books , _c2013. |
||
| 300 |
_a728p. ; _bPB _c28 cm |
||
| 650 |
_aFunctions and their graphs _9182591 |
||
| 650 |
_aThe derivative _9182592 |
||
| 650 |
_aMeasures of central tendency _9182593 |
||
| 942 |
_2ddc _cBK _e1st _k511.2 BHAR |
||
| 999 |
_c208862 _d208862 |
||